Banga Béla ügyvéd gratuláló levele Szent-Györgyi Alberthez

Banga Ilona rokona köszönetet mond Szent-Györgyinek azért, hogy az ő "Ilusukat" atyai gondoskodásban részesíti.

Elmentve itt :
Bibliográfiai részletek
Szerző: Banga Béla
Dokumentumtípus: Kézirat
Megjelent: 1937-11-02
Kulcsszavak:Levelezés - Banga Béla - Szent-Györgyi Albert, Nobel-díj - 1937
Online Access:http://misc.bibl.u-szeged.hu/47720
LEADER 00772ntm a2200181 i 4500
001 misc47720
005 20241127153141.0
008 210111s1937 hu o 000 hun d
040 |a SZTE Miscellanea Repozitórium  |b hun 
041 |a hun 
100 1 |a Banga Béla 
245 1 0 |a Banga Béla ügyvéd gratuláló levele Szent-Györgyi Alberthez  |h [elektronikus dokumentum] /  |c  Banga Béla 
260 |c 1937-11-02 
300 |a 2 fol. 
520 3 |a Banga Ilona rokona köszönetet mond Szent-Györgyinek azért, hogy az ő "Ilusukat" atyai gondoskodásban részesíti. 
561 |a Szent-Györgyi Albert gratuláló levelek 
695 |a Levelezés - Banga Béla - Szent-Györgyi Albert, Nobel-díj - 1937 
856 4 0 |u http://misc.bibl.u-szeged.hu/47720/1/1937_4_073.pdf  |z Dokumentum-elérés